[Event "19th William Addison mem"]
[Site "San Francisco"]
[Date "2019.06.22"]
[Round "3.8"]
[White "Wang, Sophie"]
[Black "Zaman, Ahyan"]
[Result "1-0"]
[WhiteElo "1383"]
[BlackElo "1486"]
[PlyCount "69"]
[EventDate "2019.06.21"]
[EventType "swiss"]
[EventRounds "5"]
[EventCountry "USA"]

1. e4 c5 2. Nf3 Nc6 3. d4 cxd4 4. Nxd4 g6 5. c4 Bg7 6. Be3 Nf6 7. f3 O-O 8. Nc3
d6 9. Be2 Bd7 10. O-O Rc8 11. Rc1 Ne5 12. b3 a6 13. Qd2 Qa5 14. Nd5 Qd8 15.
Rfd1 Nxd5 16. cxd5 b5 17. Rxc8 Bxc8 18. Nc6 Nxc6 19. dxc6 Qc7 20. Rc1 Be6 21.
Bd3 Rd8 22. Qf2 Ra8 23. Bb6 Qc8 24. f4 Bd7 25. Qd2 Bxc6 26. e5 Qb7 27. Bd4 dxe5
28. Bxe5 Qb6+ 29. Kh1 Bxe5 30. fxe5 Rd8 31. Rd1 Be4 32. Qe2 Qd4 33. Bc2 Rc8 34.
Rxd4 Rxc2 35. Rxe4 1-0

[Event "19th William Addison mem"]
[Site "San Francisco"]
[Date "2019.06.23"]
[Round "4.1"]
[White "Ezra Paul Chambers"]
[Black "Griffith, Kyron"]
[Result "0-1"]
[WhiteElo "2226"]
[BlackElo "2336"]
[PlyCount "114"]
[EventDate "2019.06.21"]
[EventType "swiss"]
[EventRounds "5"]
[EventCountry "USA"]

1. e4 c5 2. Nf3 d6 3. d4 cxd4 4. Nxd4 Nf6 5. Nc3 a6 6. Bg5 e6 7. f4 Be7 8. Qf3
Qc7 9. O-O-O Nbd7 10. g4 h6 11. Bh4 g5 12. fxg5 Ne5 13. Qg3 Nfxg4 14. gxh6 Rxh6
15. Bxe7 Qxe7 16. h4 Qf6 17. Rd2 Bd7 18. Be2 Qf2 19. Qh3 Qf4 20. Rf1 Qg5 21.
Nf3 Qe7 22. h5 O-O-O 23. Nxe5 Nxe5 24. Qe3 Rhh8 25. Bxa6 Rxh5 26. Qa7 Bc6 27.
Be2 Rh2 28. Qe3 Kb8 29. Rfd1 Rh4 30. Kb1 Qc7 31. b3 Rhh8 32. Kb2 Rd7 33. a4 Rc8
34. Ra1 Rcd8 35. Nb5 Bxb5 36. Bxb5 Re7 37. a5 Nd7 38. a6 Qc5 39. Qe2 Ne5 40.
axb7 Rxb7 41. c4 Rc8 42. Ra4 Rb6 43. Rd1 Nc6 44. Qd2 Na7 45. Rda1 Nxb5 46. cxb5
Qe5+ 47. Kb1 Rxb5 48. Ra8+ Kc7 49. R1a7+ Kd8 50. Qc2 Rxb3+ 51. Ka2 Rbc3 52. Qg2
Qg3 53. Qb2 Qe5 54. Rb8 Qc5 55. Rxc8+ Qxc8 56. Qb6+ Ke8 57. Qb5+ Kf8 0-1

[Event "19th William Addison mem"]
[Site "San Francisco"]
[Date "2019.06.23"]
[Round "4.2"]
[White "Maiti, Milind"]
[Black "Jirasek, Ladia"]
[Result "0-1"]
[WhiteElo "2049"]
[BlackElo "2350"]
[PlyCount "78"]
[EventDate "2019.06.21"]
[EventType "swiss"]
[EventRounds "5"]
[EventCountry "USA"]

1. d4 Nf6 2. c4 g6 3. Nc3 Bg7 4. e4 O-O 5. Nf3 d6 6. h3 Na6 7. Be2 e5 8. d5 Nc5
9. Qc2 a5 10. Bg5 Bd7 11. g4 c6 12. Nd2 a4 13. Be3 Qa5 14. g5 Ne8 15. Bxc5 Qxc5
16. Nxa4 Qa7 17. Nc3 f6 18. Bg4 Rd8 19. Bxd7 Rxd7 20. Nf3 fxg5 21. Nxg5 Bh6 22.
h4 Ng7 23. Nd1 cxd5 24. cxd5 Qa5+ 25. Qd2 Qd8 26. Rg1 Rf4 27. Ne3 Rxh4 28. Ne6
Nxe6 29. dxe6 Re7 30. Rd1 Bxe3 31. Qxe3 Rxe6 32. Ke2 Rf6 33. Qb3+ Rf7 34. Qe3
Qf6 35. Rg2 Rf4 36. Rd3 Qh4 37. f3 d5 38. Rxd5 Rxf3 39. Rd8+ Qxd8 0-1

[Event "19th William Addison mem"]
[Site "San Francisco"]
[Date "2019.06.23"]
[Round "4.3"]
[White "Ai, Evan"]
[Black "Winslow, Elliott"]
[Result "1-0"]
[WhiteElo "1874"]
[BlackElo "2175"]
[PlyCount "101"]
[EventDate "2019.06.21"]
[EventType "swiss"]
[EventRounds "5"]
[EventCountry "USA"]

1. e4 c5 2. Nf3 e6 3. d4 cxd4 4. Nxd4 Nf6 5. Nc3 Nc6 6. Nxc6 bxc6 7. e5 Nd5 8.
Ne4 Qc7 9. f4 Qb6 10. c4 Bb4+ 11. Ke2 f5 12. exf6 Nxf6 13. Be3 Qb8 14. Nxf6+
gxf6 15. Kf2 Bd6 16. Qh5+ Kd8 17. Qa5+ Ke7 18. Qd2 c5 19. Be2 Qc7 20. Rhd1 Rb8
21. a3 Rb3 22. g3 Ba6 23. Qc2 Qb6 24. Rd2 Bc7 25. Bd1 Rxe3 26. Kxe3 f5 27. Qc3
Rg8 28. Bf3 d6 29. Kf2 Qb8 30. Re1 Rg6 31. Rde2 Qf8 32. Bd5 Bc8 33. Qf3 Ba5 34.
Rd1 Rh6 35. h4 Qd8 36. Bb7 Bd7 37. Qd3 Qb6 38. Bf3 Ba4 39. b3 Qxb3 40. Qxf5
Qxd1 41. Qg5+ Kd7 42. Qxh6 Qd4+ 43. Kg2 Qxc4 44. Qxh7+ Kd8 45. Qxa7 Bc7 46.
Qa8+ Kd7 47. h5 Bb5 48. h6 Qd3 49. Qe4 Qxe4 50. Rxe4 Bd8 51. g4 1-0

[Event "19th William Addison mem"]
[Site "San Francisco"]
[Date "2019.06.23"]
[Round "4.4"]
[White "McCambridge, Vincent"]
[Black "Lee, Addison"]
[Result "1-0"]
[WhiteElo "2319"]
[BlackElo "1931"]
[PlyCount "73"]
[EventDate "2019.06.21"]
[EventType "swiss"]
[EventRounds "5"]
[EventCountry "USA"]

1. d4 c5 2. d5 Nf6 3. f3 e6 4. c4 exd5 5. cxd5 g6 6. Nc3 d6 7. e4 Bg7 8. Bd3
O-O 9. Nge2 a6 10. a4 Nbd7 11. O-O Re8 12. Kh1 Qc7 13. b3 Ne5 14. Bc2 Rb8 15.
a5 b5 16. axb6 Qxb6 17. Be3 Bd7 18. Qd2 Bb5 19. Nxb5 axb5 20. Ra2 Ra8 21. Rfa1
Qb7 22. Qc1 h5 23. h3 Rxa2 24. Rxa2 Ra8 25. Qa1 Rxa2 26. Qxa2 Qd7 27. f4 Nf3
28. Qa8+ Kh7 29. Qc6 Qa7 30. gxf3 Qa1+ 31. Kg2 Qb2 32. Bd3 Qxb3 33. Qxb5 Qxb5
34. Bxb5 Ng8 35. Ng3 Ne7 36. Nf1 f5 37. Nd2 1-0

[Event "19th William Addison mem"]
[Site "San Francisco"]
[Date "2019.06.23"]
[Round "4.5"]
[White "Li, Eric"]
[Black "Senthilkumar, Pranav"]
[Result "1-0"]
[WhiteElo "2155"]
[BlackElo "1878"]
[PlyCount "59"]
[EventDate "2019.06.21"]
[EventType "swiss"]
[EventRounds "5"]
[EventCountry "USA"]

1. d4 Nf6 2. c4 g6 3. Nc3 d5 4. cxd5 Nxd5 5. e4 Nxc3 6. bxc3 Bg7 7. Nf3 c5 8.
Rb1 Nc6 9. d5 Ne5 10. Nxe5 Bxe5 11. Bb5+ Bd7 12. Qd3 O-O 13. Bh6 Re8 14. O-O e6
15. f4 Bg7 16. Bxg7 Kxg7 17. dxe6 Bxe6 18. Qe3 Re7 19. Qxc5 Bxa2 20. Rb2 Rc8
21. Qxa7 Bc4 22. Bxc4 Rxc4 23. f5 Rexe4 24. Rxb7 Qe8 25. fxg6 hxg6 26. Rbxf7+
Kh6 27. Rh7+ Kg5 28. Qf2 Qe5 29. Qd2+ Re3 30. Qd8+ 1-0

[Event "19th William Addison mem"]
[Site "San Francisco"]
[Date "2019.06.23"]
[Round "4.6"]
[White "Ostrovsky, Sergey"]
[Black "Mallela, Abhishek"]
[Result "1-0"]
[WhiteElo "1972"]
[BlackElo "1996"]
[PlyCount "107"]
[EventDate "2019.06.21"]
[EventType "swiss"]
[EventRounds "5"]
[EventCountry "USA"]

1. d4 g6 2. c4 Bg7 3. Nc3 d6 4. e4 e5 5. Be3 Nc6 6. d5 Nd4 7. Nge2 Bg4 8. f3
Bxf3 9. gxf3 Nxf3+ 10. Kf2 Qf6 11. Bg2 Nh6 12. h3 Nd4+ 13. Ke1 O-O 14. Qd2 Nf3+
15. Bxf3 Qxf3 16. Rh2 f5 17. Ng1 Qh5 18. Qe2 Qh4+ 19. Bf2 Qe7 20. Nf3 fxe4 21.
Nxe4 Nf5 22. Nfg5 Nd4 23. Bxd4 exd4 24. Ne6 Qh4+ 25. Kd2 Be5 26. Rhh1 Rf7 27.
Qg4 Qh6+ 28. Qg5 Qxg5+ 29. N6xg5 Rf5 30. Ne6 c6 31. Raf1 Kf7 32. N4g5+ Kg8 33.
Rxf5 gxf5 34. Rf1 f4 35. Nxf4 Rf8 36. Nge6 Rf6 37. Rg1+ Kh8 38. Rg4 Rf5 39. Kd3
h5 40. Rh4 Kh7 41. Rxh5+ Rxh5 42. Nxh5 Kg6 43. Nhf4+ Kf5 44. Ne2 c5 45. Nd8 Kg5
46. Nxb7 Kh4 47. Nd8 a6 48. Nc6 Bh2 49. Nb8 a5 50. a4 Kxh3 51. Nc6 Kg2 52. Nxa5
Kf3 53. Nc6 Be5 54. a5 1-0

[Event "19th William Addison mem"]
[Site "San Francisco"]
[Date "2019.06.23"]
[Round "4.7"]
[White "Singireddy, Sathvik"]
[Black "Uzzaman, Ashik"]
[Result "1-0"]
[WhiteElo "1565"]
[BlackElo "1926"]
[PlyCount "65"]
[EventDate "2019.06.21"]
[EventType "swiss"]
[EventRounds "5"]
[EventCountry "USA"]

1. e4 c5 2. Nf3 d6 3. Bb5+ Bd7 4. Bxd7+ Nxd7 5. O-O Ngf6 6. Re1 g6 7. c3 Bg7 8.
d4 cxd4 9. cxd4 O-O 10. Qb3 Qb6 11. Qd3 e6 12. Nc3 Rac8 13. Bg5 Qxb2 14. Nb5
Nxe4 15. Qxe4 Qxb5 16. Rab1 Qc6 17. Rxb7 d5 18. Qb1 Rb8 19. Rb3 Rxb3 20. axb3
Rb8 21. Bf4 Rb4 22. Rc1 Qa6 23. Rc7 Nf8 24. h4 Qb6 25. Qc2 Rxb3 26. Be5 f6 27.
Bg3 Bh6 28. Re7 a5 29. Qc8 Qb5 30. Ra7 Rb1+ 31. Kh2 Rc1 32. Qd8 a4 33. Qe7 1-0

[Event "19th William Addison mem"]
[Site "San Francisco"]
[Date "2019.06.23"]
[Round "4.8"]
[White "Wang, Sophie"]
[Black "Porlares, Teodoro"]
[Result "0-1"]
[WhiteElo "1383"]
[BlackElo "1832"]
[PlyCount "72"]
[EventDate "2019.06.21"]
[EventType "swiss"]
[EventRounds "5"]
[EventCountry "USA"]

1. e4 c6 2. d4 d5 3. exd5 cxd5 4. Bd3 Nf6 5. Ne2 e6 6. Bf4 Bd6 7. Bxd6 Qxd6 8.
O-O O-O 9. Nd2 b6 10. c3 Ba6 11. Qc2 h6 12. Bxa6 Nxa6 13. f4 Nb8 14. Qd3 Nc6
15. f5 e5 16. Qg3 Rad8 17. dxe5 Nxe5 18. Nd4 Rfe8 19. Rad1 Neg4 20. Qxd6 Rxd6
21. Rde1 Ne3 22. Rf3 Nc4 23. Rxe8+ Nxe8 24. Nxc4 dxc4 25. Re3 Kf8 26. Kf2 Nf6
27. Nb5 Rd5 28. Nd4 Ng4+ 29. Kf3 Nxe3 30. Kxe3 a6 31. Ke4 Rc5 32. Nf3 Rb5 33.
b3 cxb3 34. axb3 Rxb3 35. Kd3 Rb2 36. Nd2 b5 0-1

[Event "19th William Addison mem"]
[Site "San Francisco"]
[Date "2019.06.23"]
[Round "5.1"]
[White "Jirasek, Ladia"]
[Black "Griffith, Kyron"]
[Result "1/2-1/2"]
[WhiteElo "2350"]
[BlackElo "2336"]
[PlyCount "30"]
[EventDate "2019.06.21"]
[EventType "swiss"]
[EventRounds "5"]
[EventCountry "USA"]

1. e4 c5 2. Nf3 d6 3. d4 cxd4 4. Nxd4 Nf6 5. Nc3 a6 6. Bg5 e6 7. f4 Be7 8. Qf3
Qc7 9. O-O-O Nbd7 10. g4 h6 11. Bxf6 Bxf6 12. h4 Nb6 13. g5 Bxd4 14. Rxd4 Qc5
15. Rd1 Bd7 1/2-1/2

[Event "19th William Addison mem"]
[Site "San Francisco"]
[Date "2019.06.23"]
[Round "5.2"]
[White "McCambridge, Vincent"]
[Black "Ai, Evan"]
[Result "1/2-1/2"]
[WhiteElo "2319"]
[BlackElo "1874"]
[PlyCount "73"]
[EventDate "2019.06.21"]
[EventType "swiss"]
[EventRounds "5"]
[EventCountry "USA"]

1. d4 Nf6 2. Nf3 d5 3. c4 dxc4 4. e3 e6 5. Bxc4 c5 6. O-O Nc6 7. Qe2 Qc7 8. Nc3
a6 9. a3 b5 10. Ba2 Bb7 11. Rd1 Be7 12. d5 exd5 13. Nxd5 Nxd5 14. Bxd5 O-O 15.
e4 Bf6 16. Be3 c4 17. Bc5 Rfe8 18. Bd6 Qb6 19. e5 Rad8 20. Qe4 Nxe5 21. Bxe5
Bxe5 22. Nxe5 Rxd5 23. Rxd5 Qe6 24. Rad1 f6 25. f4 fxe5 26. fxe5 Bxd5 27. Rxd5
Qb6+ 28. Kh1 Qf2 29. h3 Qxb2 30. e6 c3 31. Qf5 h6 32. Qf7+ Kh7 33. Qxe8 Qc1+
34. Kh2 Qf4+ 35. Kh1 Qf1+ 36. Kh2 Qf4+ 37. Kh1 1/2-1/2

[Event "19th William Addison mem"]
[Site "San Francisco"]
[Date "2019.06.23"]
[Round "5.3"]
[White "Ostrovsky, Sergey"]
[Black "Li, Eric"]
[Result "0-1"]
[WhiteElo "1972"]
[BlackElo "2155"]
[PlyCount "72"]
[EventDate "2019.06.21"]
[EventType "swiss"]
[EventRounds "5"]
[EventCountry "USA"]

1. d4 Nf6 2. c4 e6 3. Nc3 Bb4 4. e3 O-O 5. Bd3 b6 6. Nf3 Bb7 7. O-O c5 8. a3
Bxc3 9. bxc3 d6 10. Re1 Nc6 11. e4 e5 12. d5 Ne7 13. Nh4 Ng6 14. Nf5 Bc8 15. g3
Kh8 16. Bd2 Ng8 17. h4 N6e7 18. Kg2 g6 19. Nh6 f5 20. Bg5 Nxh6 21. Bxh6 Rf7 22.
f3 fxe4 23. fxe4 Ng8 24. Be3 Nf6 25. Bg5 Qd7 26. Rh1 Ng4 27. Rf1 Ne3+ 28. Bxe3
Qh3+ 29. Kg1 Qxg3+ 30. Kh1 Qh3+ 31. Kg1 Qxe3+ 32. Kh1 Qh3+ 33. Kg1 Qg3+ 34. Kh1
Qxh4+ 35. Kg1 Qg3+ 36. Kh1 Bg4 0-1

[Event "19th William Addison mem"]
[Site "San Francisco"]
[Date "2019.06.23"]
[Round "5.4"]
[White "Lu, Joshua"]
[Black "Ezra Paul Chambers"]
[Result "0-1"]
[WhiteElo "1936"]
[BlackElo "2226"]
[PlyCount "96"]
[EventDate "2019.06.21"]
[EventType "swiss"]
[EventRounds "5"]
[EventCountry "USA"]

1. c4 c6 2. Nf3 d5 3. b3 Bf5 4. Bb2 e6 5. g3 h6 6. Bg2 Nf6 7. O-O Be7 8. d3 O-O
9. Nbd2 Bh7 10. Qc2 a5 11. a3 Nbd7 12. cxd5 exd5 13. Rfc1 Re8 14. Nd4 Bf8 15.
N2f3 Qb6 16. a4 Nb8 17. Rab1 Na6 18. Bc3 Qd8 19. Qd2 Nb4 20. Ra1 Rc8 21. Nc2 c5
22. Na3 Bf5 23. Qb2 d4 24. Be1 Qe7 25. Bf1 Bg4 26. Nc4 Qd8 27. h3 Be6 28. Nfe5
Bd5 29. Bxb4 axb4 30. e4 dxe3 31. fxe3 Bd6 32. Kh2 Bb8 33. Bg2 h5 34. d4 Ne4
35. Bxe4 Bxe4 36. Rf1 Re7 37. h4 Qe8 38. Rf2 f6 39. Nf3 Qg6 40. Rg1 Qg4 41.
Ncd2 Bf5 42. Rgg2 Rxe3 43. dxc5 Rce8 44. a5 Qh3+ 45. Kg1 Bxg3 46. Rf1 Re2 47.
Rxe2 Rxe2 48. Ne1 Qh2# 0-1

[Event "19th William Addison mem"]
[Site "San Francisco"]
[Date "2019.06.23"]
[Round "5.5"]
[White "Shrivastav, Kunal"]
[Black "Maiti, Milind"]
[Result "0-1"]
[WhiteElo "1412"]
[BlackElo "2049"]
[PlyCount "104"]
[EventDate "2019.06.21"]
[EventType "swiss"]
[EventRounds "5"]
[EventCountry "USA"]

1. e4 c5 2. c3 d5 3. exd5 Qxd5 4. d4 Nf6 5. Nf3 Bg4 6. Be2 e6 7. O-O Be7 8. h3
Bh5 9. Be3 cxd4 10. cxd4 Nc6 11. Nc3 Qd6 12. Qb3 O-O 13. Rfd1 Nb4 14. Rac1 Nbd5
15. Bg5 h6 16. Bxf6 Bxf6 17. Ne4 Qe7 18. Ng3 Bg6 19. Ne5 Bh7 20. Bf3 Rfd8 21.
Ne4 Rab8 22. Nc5 Bg5 23. Bxd5 exd5 24. Ra1 Qd6 25. Re1 b6 26. Ncd3 Rbc8 27. f4
Be7 28. Rac1 Bf8 29. Rc3 f6 30. Nf3 Bxd3 31. Rxd3 Qxf4 32. Rde3 Qc7 33. Qd3 Qc2
34. Qxc2 Rxc2 35. R1e2 Rdc8 36. Kf2 Rxe2+ 37. Rxe2 Kf7 38. g4 g5 39. Nh2 Bd6
40. Nf1 Bf4 41. Ne3 Bxe3+ 42. Rxe3 Rc2+ 43. Re2 Rxe2+ 44. Kxe2 Ke6 45. b4 a6
46. a4 f5 47. Kf3 Kf6 48. Kg3 fxg4 49. Kxg4 Kg6 50. b5 a5 51. h4 gxh4 52. Kxh4
h5 0-1

[Event "19th William Addison mem"]
[Site "San Francisco"]
[Date "2019.06.23"]
[Round "5.6"]
[White "Boldi, Ethan"]
[Black "Mahesh, Tejas"]
[Result "0-1"]
[WhiteElo "1931"]
[BlackElo "1698"]
[PlyCount "142"]
[EventDate "2019.06.21"]
[EventType "swiss"]
[EventRounds "5"]
[EventCountry "USA"]

1. e4 c5 2. Nf3 Nc6 3. Bb5 e6 4. Bxc6 bxc6 5. O-O Ne7 6. d3 Ng6 7. c3 Be7 8.
Re1 O-O 9. d4 d5 10. Nbd2 Bb7 11. exd5 cxd5 12. Nf1 Qc7 13. Ne3 Rad8 14. Bd2
Bd6 15. Ng4 f6 16. dxc5 Bxc5 17. b4 Bb6 18. a4 Qd6 19. a5 Bc7 20. Nd4 e5 21.
Nb5 Qd7 22. Nxc7 Qxc7 23. Qe2 Rfe8 24. Rec1 f5 25. Ne3 f4 26. Nf1 Nh4 27. Qg4
Qe7 28. Re1 Qf6 29. f3 Bc8 30. Qh5 g6 31. Qh6 Nf5 32. Qh3 Nd4 33. g4 Nc2 34.
Rad1 Nxe1 35. Bxe1 e4 36. fxe4 dxe4 37. Rxd8 Rxd8 38. Qg2 Re8 39. Qe2 e3 40.
Qc4+ Be6 41. Qc6 Re7 42. Qf3 Bd7 43. b5 Bxb5 44. Qd5+ Qe6 45. Qxb5 Qxg4+ 46.
Kh1 f3 47. Ng3 f2 48. Qd5+ Qe6 49. Qxe6+ Rxe6 50. Bxf2 exf2 51. Kg2 Re3 52.
Kxf2 Rxc3 53. Ne4 Ra3 54. Nf6+ Kf7 55. Ne4 Rxa5 56. Nd6+ Kg7 57. Ke3 Rd5 58.
Ne8+ Kf7 59. Nc7 Rc5 60. Na6 Ra5 61. Nb4 Ra3+ 62. Kf2 a5 63. Nd5 Ra2+ 64. Kg3
a4 65. Nb4 Rb2 66. Nd5 a3 67. Kg4 a2 68. Nf6 Kxf6 69. Kh4 a1=Q 70. Kh3 Qg1 71.
Kh4 Rxh2# 0-1

[Event "19th William Addison mem"]
[Site "San Francisco"]
[Date "2019.06.23"]
[Round "5.7"]
[White "McKellar, Daniel"]
[Black "Singireddy, Sathvik"]
[Result "1/2-1/2"]
[WhiteElo "1807"]
[BlackElo "1565"]
[PlyCount "40"]
[EventDate "2019.06.21"]
[EventType "swiss"]
[EventRounds "5"]
[EventCountry "USA"]

1. d4 Nf6 2. Bf4 d5 3. e3 c5 4. c3 c4 5. Nf3 Bg4 6. Be2 e6 7. Nbd2 Bd6 8. Bxd6
Qxd6 9. h3 Bf5 10. Nh4 Bg6 11. Nxg6 hxg6 12. Qc2 Nh5 13. Bxh5 gxh5 14. e4 Nc6
15. exd5 exd5 16. O-O O-O 17. Qf5 g6 18. Qg5 Kg7 19. Nf3 f6 20. Qd2 Rfe8
1/2-1/2

[Event "19th William Addison mem"]
[Site "San Francisco"]
[Date "2019.06.23"]
[Round "5.8"]
[White "Zhou, Tony"]
[Black "Bradley, Christopher"]
[Result "0-1"]
[WhiteElo "1590"]
[BlackElo "1649"]
[PlyCount "117"]
[EventDate "2019.06.21"]
[EventType "swiss"]
[EventRounds "5"]
[EventCountry "USA"]

1. e4 c5 2. Nf3 g6 3. d4 cxd4 4. Nxd4 Nc6 5. Nc3 Bg7 6. Be3 Nf6 7. f3 O-O 8.
Qd2 d5 9. O-O-O Nxd4 10. Bxd4 dxe4 11. fxe4 Qa5 12. Bc4 Bg4 13. Rde1 Rac8 14.
Bb3 Rfd8 15. e5 Nd5 16. Nxd5 Rxd5 17. Qxa5 Rxa5 18. Rhf1 Be6 19. Bxe6 fxe6 20.
Kb1 Rd5 21. Bc3 a5 22. a4 b5 23. axb5 Rxb5 24. Ka2 Rcc5 25. Ka3 Bxe5 26. Bxe5
Rxe5 27. Rxe5 Rxe5 28. Ka4 Rc5 29. c3 e5 30. b4 axb4 31. Kxb4 Rc6 32. c4 Rf6
33. Rf3 Kf8 34. c5 Rxf3 35. gxf3 Ke8 36. Kb5 Kd7 37. Kb6 Kc8 38. Kc6 g5 39. Kd5
Kc7 40. Kxe5 Kc6 41. Ke6 Kxc5 42. Kxe7 Kd5 43. Kf6 h6 44. Kf5 Kd6 45. Kg6 Ke5
46. Kxh6 Kf4 47. Kh5 Kf5 48. h3 Kf6 49. Kh6 Kf5 50. Kg7 Ke5 51. Kg6 Ke6 52.
Kxg5 Kf7 53. f4 Kg7 54. Kf5 Kf7 55. Ke5 Ke7 56. f5 Kf7 57. f6 Ke8 58. Ke6 Kf8
59. f7 0-1